000 00872nam a22002897a 4500
001 BR2012002356
003 BR-BrBNA
005 20230928103940.0
007 ta
008 230509b bl.||||| |||| 00| 0 por d
040 _aBR-BrBNA
_bpor
_cBiblioteca Nacional de Agricultura
041 _a(Por)
072 _aE20
_b0120
090 _ 0120 BR2012002356
100 1 _aSantos, C.O.
110 1 _aUniversidade Federal de Lavras, MG (Brasil)
_0Tese (Mestrado)
245 1 _aA distribuição Skew-Normal como modelo para a produtividade de milho aplicada ao seguro agrícola
260 3 _aLavras, MG (Brasil):
_c2011.
300 _a93 p.
500 _aSummaries (Eng, Por); Bibliography p. 84-91
650 _aMILHO
650 _aSEGURO RURAL
650 _aPRODUTIVIDADE
650 _aMODELO MATEMÁTICO
909 _a202309
_bLucia
_c55
_dLucia Elande
942 _cBK
999 _c77384
_d77384